| 000 | 00405cam a2200157ua 4500 | ||
|---|---|---|---|
| 041 |
_aeng _h |
||
| 082 |
_a334.01 _bVoo/CR |
||
| 100 | _aVoorhis, Jerry . | ||
| 245 | _aCredit unions: basic corparations | ||
| 260 |
_a : _bCorparative league of the USA , _c1949. |
||
| 300 | _a48 ; . | ||
| 504 | _a | ||
| 650 | _aglance/need/co operations/Braden herizens/legues | ||
| 942 | _cBK | ||
| 999 |
_c11155 _d11155 |
||